Akademický jazyk v slovenskom univerzitnom prostredí
Vnímanie akademického písania v slovenskom jazykovom prostredí vo forme filozofických, lingvistických a formálnych dimenzií. Akademické písanie ako súčasť vysokoškolskej prípravy.
Guardado en:
| Autor principal: | |
|---|---|
| Formato: | Capítulo de libro |
| Lenguaje: | eslovaco |
| Materias: | |
| Etiquetas: |
Sin Etiquetas, Sea el primero en etiquetar este registro!
|
MARC
| LEADER | 00000nla a2200000 4500 | ||
|---|---|---|---|
| 001 | 0240161 | ||
| 005 | 20240502073910.2 | ||
| 041 | 0 | |a slo | |
| 044 | |a SK | ||
| 245 | 1 | 0 | |a Akademický jazyk v slovenskom univerzitnom prostredí |c Roman Kvapil |
| 520 | |a Vnímanie akademického písania v slovenskom jazykovom prostredí vo forme filozofických, lingvistických a formálnych dimenzií. Akademické písanie ako súčasť vysokoškolskej prípravy. | ||
| 610 | 2 | 0 | |a vzdelávanie vysokoškolské |
| 610 | 2 | 0 | |a didaktika |
| 610 | 2 | 0 | |a jazyk odborný |
| 610 | 2 | 0 | |a zručnosti |
| 610 | 2 | 0 | |a kompetencie komunikačné |
| 610 | 2 | 0 | |a jazykoveda |
| 610 | 2 | 0 | |a kompetencie |
| 610 | 2 | 0 | |a komunikácia |
| 610 | 2 | 0 | |a písomníctvo |
| 610 | 2 | 0 | |a práce diplomové |
| 610 | 2 | 0 | |a predmety učebné |
| 610 | 2 | 0 | |a programy študijné |
| 610 | 2 | 0 | |a Slovensko |
| 610 | 2 | 0 | |a školy vysoké |
| 610 | 2 | 0 | |a študenti |
| 610 | 2 | 0 | |a univerzity |
| 610 | 2 | 0 | |a veda |
| 610 | 2 | 0 | |a vzdelávanie |
| 100 | 1 | |a Kvapil, Roman, 1971- | |